000 00697nam a22002057a 4500
005 20251108164148.0
008 250721s1993 xx 000 0 ara d
082 1 4 _a338.01809564/سام
100 1 _aافطيمه، سامي مروح
245 1 0 _aالقطاع الصناعي في الضفة الغربية و قطاع غزه المحتلين :
_bدراسة تحليلية للفترة 1968 - 1989 /
264 1 _aعمان :
_bدار الكرمل،
_c1993.
300 _a129ص
490 0 _aكتاب صامد ؛ 22
650 1 7 _aالتصنيع
650 1 7 _aالإقتصاد
650 1 7 _aفلسطين
650 1 7 _aالتخطيط الإقتصادي
942 _2ddc
_cBK
999 _c5202
_d5202